00925nab a2200253 uc450000100070000000500170000700800410002403500110006503500210007604000130009704100080011010000500011824500700016865000450023865000370028365000320032065000320035265000380038465000370042265000460045977301370050594200100064299900190065271605120240301090801.0020126s2000 spa  a716051 a(OCoLC)819930312 ccomduadb aspa10aToussaint Alcaraz, Florence4auteaut935193914aLas campanas electorales del 2000 en television. El caso mexicano aCampañas electorales - México984731 aTelevisión y política928339 aPropaganda electoral927082 aPropaganda política94584 aNoticieros por televisión99925 aElecciones - Mexico, 2000977503 7aComunicación en política2lemb9227070 tRevista Mexicana de Ciencias Políticas y Sociales (México)gVol. 44, No. 180, Sep.-Dic. 2000, p. 39-64w197200x0185-1918086550 cARIMP c227820d227820